00351cam a22001097a 4500008004000000082001500040100002500055245009000080260002700170300001000197650003400207180718b1952 xxu||||| |||| 00| 0 eng d aR8x73 M381 aMason, Lucy Randolph aTo win these rights: a personal study of the CIO in the southcby Lucy Randolph Mason aNew YorkbHarperc1952 a206p. aLabour unions - United States